Cahiers Scientifiques du Transport

Guardat en:
Dades bibliogràfiques
Format: Electrònic Publicació Periòdica
Idioma:idioma desconegut
Matèries:
Accés en línia:Full text available from ABI/INFORM Global: 07/01/2013 to 01/31/2019
Full text available from Canadian Business & Current Affairs Database: 07/01/2013 to 01/31/2019
Full text available from Continental Europe Database: 07/01/2013 to 01/31/2019
Full text available from Engineering Database: 07/01/2013 to 01/31/2019
Full text available from Research Library: 07/01/2013 to 01/31/2019
Etiquetes: Afegir etiqueta
Sense etiquetes, Sigues el primer a etiquetar aquest registre!

MARC

LEADER 00000nas a2200000Ia 4500
001 ssj0002891622
003 WaSeSS
005 20230917042210.0
006 m d
007 cr n
008 230908c99999999xx |||||s|||||| ||und||
022 |y 1150-8809 
035 |a (WaSeSS)ssj0002891622 
040 |d WaSeSS 
245 0 0 |a Cahiers Scientifiques du Transport  |h [electronic resource] 
506 |a License restrictions may limit access. 
655 0 |a Electronic journals. 
856 4 0 |z Full text available from ABI/INFORM Global: 07/01/2013 to 01/31/2019  |u https://wwwproquest.unach.elogim.com/intermediateredirectforezproxy 
856 4 0 |z Full text available from Canadian Business & Current Affairs Database: 07/01/2013 to 01/31/2019  |u https://wwwproquest.unach.elogim.com/intermediateredirectforezproxy 
856 4 0 |z Full text available from Continental Europe Database: 07/01/2013 to 01/31/2019  |u https://wwwproquest.unach.elogim.com/intermediateredirectforezproxy 
856 4 0 |z Full text available from Engineering Database: 07/01/2013 to 01/31/2019  |u https://wwwproquest.unach.elogim.com/intermediateredirectforezproxy 
856 4 0 |z Full text available from Research Library: 07/01/2013 to 01/31/2019  |u https://wwwproquest.unach.elogim.com/intermediateredirectforezproxy